000 00263nam a22001217a 4500
008 171018b xxu||||| |||| 00| 0 eng d
041 _aeng
080 _a338
100 _a53
101 _aMEN
245 _aMANAGEMENT CLASSICS
_cMATTESON.M.T
942 _2udc
_cBK
999 _c34789
_d34789